Estado de flujo de efectivo (Registro nro. 264)

Detalles MARC
000 -LEADER
fixed length control field 01054 a2200241 4500
001 - CONTROL NUMBER
control field 2399
005 - DATE AND TIME OF LATEST TRANSACTION
control field 20260407155423.0
008 - FIXED-LENGTH DATA ELEMENTS--GENERAL INFORMATION
fixed length control field 260407a2007 arg spa d
003 - CONTROL NUMBER IDENTIFIER
control field AR-UNSa-BCEJYS
040 ## - CATALOGING SOURCE
Original cataloging agency AR-UNSa-BCEJYS
Language of cataloging spa
Transcribing agency AR-UNSa-BCEJYS
080 ## - UNIVERSAL DECIMAL CLASSIFICATION NUMBER
Universal Decimal Classification number 657.31
Common auxiliary subdivision Presupuestos. Previsiones. Planes financieros. Estado de flujo de efectivo
020 ## - INTERNATIONAL STANDARD BOOK NUMBER
International Standard Book Number 987-987-1140-05-3
100 1# - MAIN ENTRY--PERSONAL NAME
Personal name Petti, Ana María
245 10 - TITLE STATEMENT
Title Estado de flujo de efectivo
Name of part/section of a work incluye cambios recientes a las Normas Contables Profesionales
250 ## - EDITION STATEMENT
Edition statement 3a. ed.
264 #1 - PRODUCTION, PUBLICATION, DISTRIBUTION, MANUFACTURE, AND COPYRIGHT NOTICE
Place of production, publication, distribution, manufacture Buenos Aires :
Name of producer, publisher, distributor, manufacturer Osmar D. Buyatti
Date of production, publication, distribution, manufacture, or copyright notice 2007
300 ## - PHYSICAL DESCRIPTION
Extent 182 p.
Dimensions 22 cm.
505 ## - FORMATTED CONTENTS NOTE
Formatted contents note 1. Efectos de la inflación sobre los estados contables -- 2. Estado de recursos financieros -- 3. Estado de flujo de efectivo -- 4. Cuestiones particulares -- 5. Consideracion del cambio
590 ## - LOCAL NOTE (RLIN)
Local note niveau_biblio:m niveau_hierar:0
700 1# - ADDED ENTRY--PERSONAL NAME
Personal name Longhi, Paula Ana
856 41 - ELECTRONIC LOCATION AND ACCESS
Uniform Resource Identifier <a href="https://biblioeco.unsa.edu.ar/pmb/images/libros/Estado de Flujo de Efectivo-l116423.jpg">https://biblioeco.unsa.edu.ar/pmb/images/libros/Estado de Flujo de Efectivo-l116423.jpg</a>
Link text Imagen de portada
Electronic format type image/jpeg
942 ## - ADDED ENTRY ELEMENTS (KOHA)
Koha item type
Existencias
Withdrawn status Lost status Damaged status Not for loan Home library Current library Shelving location Date acquired Total checkouts Full call number Barcode Date last seen Price effective from Koha item type Public note
        Biblioteca Prof. Eusebio Cleto del Rey Biblioteca Prof. Eusebio Cleto del Rey   07/04/2026   657.31 P511 3ed. L116423 07/04/2026 07/04/2026 Libro PARTIDO PÁG. 69 - HOJAS UN POCO SUELTAS PÁG. 69 A 82 - MANCHA PÁG. 7
        Biblioteca Prof. Eusebio Cleto del Rey Biblioteca Prof. Eusebio Cleto del Rey   07/04/2026   657.31 P511 3ed. L117828 07/04/2026 07/04/2026 Libro HÚMEDO - LÁPIZ
        Biblioteca Prof. Eusebio Cleto del Rey Biblioteca Prof. Eusebio Cleto del Rey   07/04/2026   657.31 P511 3ed. L117823 07/04/2026 07/04/2026 Libro PARTIDO PÁG. 82 - MANCHA PÁG. 17,18 Y 120 - LÁPIZ PÁG. 127 - HOJAS SEMI SUELTAS PÁG. 7 A 16
        Biblioteca Prof. Eusebio Cleto del Rey Biblioteca Prof. Eusebio Cleto del Rey   07/04/2026   657.31 P511 3ed. L117825 07/04/2026 07/04/2026 Libro PARTIDO PÁG. 72 - CANTO LATERAL UN POCO MANCHADO - HOJAS DOBLADAS Y UN POCO MANCHADAS - MANCHA AMARILLA PÁG. 75
        Biblioteca Prof. Eusebio Cleto del Rey Biblioteca Prof. Eusebio Cleto del Rey   07/04/2026   657.31 P511 3ed. L117822 07/04/2026 07/04/2026 Libro LÁPIZ LEVE - MANCHAS PÁG. 15 AL 19/25 AL 27 - RESALTADOR PÁG. 97 - PARTIDO - HOJAS SOBRESALIDAS Y UN POCO MANCHADAS
        Biblioteca Prof. Eusebio Cleto del Rey Biblioteca Prof. Eusebio Cleto del Rey   07/04/2026   657.31 P511 3ed. L117830 07/04/2026 07/04/2026 Libro PARTIDO PÁG. 76
        Biblioteca Prof. Eusebio Cleto del Rey Biblioteca Prof. Eusebio Cleto del Rey   07/04/2026   657.31 P511 3ed. L117829 07/04/2026 07/04/2026 Libro CINTA PÁG. 70 A 79 - UN POCO MANCHADO - HÚMEDO
        Biblioteca Prof. Eusebio Cleto del Rey Biblioteca Prof. Eusebio Cleto del Rey   07/04/2026   657.31 P511 3ed. L117824 07/04/2026 07/04/2026 Libro PARTIDO PÁG. 65 - HOJAS SUELTAS PÁG. 65 A 76 - CANTO MANCHADO Y SUCIO
        Biblioteca Prof. Eusebio Cleto del Rey Biblioteca Prof. Eusebio Cleto del Rey   07/04/2026   657.31 P511 3ed. L117826 07/04/2026 07/04/2026 Libro PARTIDO - HOJAS MACHADAS - HOJAS SOBRESALIDAS - LÁPIZ LEVE